[Event "DVM U12 2016"]
[Site "Magdeburg GER"]
[Date "2016.12.28"]
[Round "3"]
[White "Eschner, Fabian"]
[Black "Metzdorf, Matteo"]
[Result "0-1"]
[Termination "normal"]
[Board "6.2"]
[WhiteElo "1515"]
[BlackElo "1308"]
[WhiteTeam "Schachzwerge Magdeburg"]
[BlackTeam "SG Trier"]
[PlyCount "92"]
[WhiteFideId "16232860"]
[BlackFideId "16209869"]
[EventCountry "GER"]
[EventRounds "7"]
[EventType "team-swiss"]
[EventDate "2016.12.26"]

1. e4 e6 2. d4 d5 3. Nd2 Nf6 4. e5 Nfd7 5. Bd3 c5 6. c3 Nc6 7. Ne2 Qb6 8. Nf3
Be7 9. O-O f6 10. exf6 Nxf6 11. a3 c4 12. Bc2 Na5 13. Nd2 Bd7 14. Rb1 O-O 15.
b3 cxb3 16. Nxb3 Nxb3 17. Bxb3 Qc7 18. Ba4 Bxa4 19. Qxa4 Ne4 20. Qb3 b6 21. f3
Nd6 22. Nf4 Qd7 23. Re1 Nc4 24. Nxe6 Rf6 25. Ng5 Rg6 26. f4 h6 27. Qc2 Rxg5 28.
fxg5 Bxg5 29. Qg6 Bxc1 30. Rbxc1 Kh8 31. Rc2 Nd6 32. Qe6 Qxe6 33. Rxe6 Ne4 34.
c4 Rc8 35. Re5 Nf6 36. c5 Kg8 37. Re7 bxc5 38. Rxc5 Rb8 39. Rc1 a5 40. Rec7 Rb3
41. R7c3 Rb2 42. Rc5 Rd2 43. Rxa5 Rxd4 44. Kf1 Rd2 45. Rac5 Ne4 46. Re1 Nxc5
0-1

[Event "DVM U12 2016"]
[Site "Magdeburg GER"]
[Date "2016.12.28"]
[Round "3"]
[White "Felten, Maximilian"]
[Black "Joppich, Til"]
[Result "0-1"]
[Termination "normal"]
[Board "6.3"]
[WhiteElo "1612"]
[BlackElo "1483"]
[WhiteTeam "SG Trier"]
[BlackTeam "Schachzwerge Magdeburg"]
[PlyCount "88"]
[WhiteFideId "4004949"]
[BlackFideId "16232917"]
[EventCountry "GER"]
[EventRounds "7"]
[EventType "team-swiss"]
[EventDate "2016.12.26"]

1. e4 e5 2. Nf3 Nc6 3. Bb5 a6 4. Ba4 Nf6 5. O-O Nxe4 6. Re1 Nc5 7. Bxc6 dxc6 8.
Nxe5 Be7 9. d4 Ne6 10. c3 O-O 11. Be3 Bd6 12. Nf3 Nf4 13. Qd2 Ng6 14. Qc2 Bg4
15. Nbd2 Qd7 16. Qd1 Rae8 17. Nf1 Nh4 18. N1d2 h6 19. c4 Bb4 20. Qb3 Bxf3 21.
Nxf3 Nxf3+ 22. gxf3 Bxe1 23. Rxe1 b6 24. Kh1 Qh3 25. f4 Re6 26. f5 Qxf5 27. Qd1
Rg6 28. Qe2 Qh3 29. Rg1 Rxg1+ 30. Kxg1 Re8 31. Qf1 Qxf1+ 32. Kxf1 b5 33. c5 f6
34. a3 g5 35. b3 f5 36. Bc1 Re4 37. Bb2 Kf7 38. b4 Ke6 39. h3 Kd5 40. Kg2 Re2
41. Bc1 Rc2 42. Be3 Ke4 43. h4 f4 44. hxg5 hxg5 0-1

[Event "DVM U12 2016"]
[Site "Magdeburg GER"]
[Date "2016.12.28"]
[Round "3"]
[White "Heutling, Elina"]
[Black "Kirschweng, Luca"]
[Result "1-0"]
[Termination "normal"]
[Board "6.4"]
[WhiteElo "1383"]
[BlackElo "1186"]
[WhiteTeam "Schachzwerge Magdeburg"]
[BlackTeam "SG Trier"]
[PlyCount "99"]
[WhiteFideId "16244729"]
[BlackFideId "16262514"]
[EventCountry "GER"]
[EventRounds "7"]
[EventType "team-swiss"]
[EventDate "2016.12.26"]

1. e4 e6 2. d4 d5 3. Nd2 dxe4 4. Nxe4 Nd7 5. Nf3 Ngf6 6. Ng3 Be7 7. Bd3 O-O 8.
O-O b6 9. Re1 Bb7 10. c3 c5 11. Be3 Nd5 12. Qc2 N7f6 13. Rad1 Nxe3 14. fxe3
Bxf3 15. gxf3 Qc7 16. b3 Rac8 17. Qg2 Bd6 18. Rd2 Bxg3 19. hxg3 cxd4 20. cxd4
Qc3 21. Red1 Nd5 22. Qh2 g6 23. Qh6 e5 24. Rh2 Nf6 25. Qg5 Kg7 26. dxe5 Rfd8
27. Qh6+ Kg8 28. exf6 Qxf6 29. Qxh7+ Kf8 30. Qh8+ Ke7 31. Qxf6+ Kxf6 32. Rhd2
Rc3 33. Be4 Rxd2 34. Rxd2 Rxe3 35. Kf2 Rc3 36. Rc2 Rxc2+ 37. Bxc2 Ke5 38. Ke3
f5 39. f4+ Kd5 40. Kf3 Kd4 41. g4 Kc3 42. gxf5 gxf5 43. Bxf5 Kb2 44. Be4 Kxa2
45. f5 a5 46. Bd5 Kb2 47. f6 b5 48. f7 a4 49. bxa4 bxa4 50. f8=Q 1-0

[Event "DVM U12 2016"]
[Site "Magdeburg GER"]
[Date "2016.12.28"]
[Round "3"]
[White "Sulayev, Daniel"]
[Black "Noever, Niklas"]
[Result "1-0"]
[Termination "normal"]
[Board "7.1"]
[WhiteElo "1934"]
[BlackElo "1648"]
[WhiteTeam "Schachpinguine Berlin"]
[BlackTeam "Rheydter SV"]
[PlyCount "85"]
[WhiteFideId "12977675"]
[BlackFideId "12988642"]
[EventCountry "GER"]
[EventRounds "7"]
[EventType "team-swiss"]
[EventDate "2016.12.26"]

1. e4 c5 2. Nf3 d6 3. d4 cxd4 4. Qxd4 Nc6 5. Bb5 Bd7 6. Bxc6 Bxc6 7. Nc3 Nf6 8.
Bg5 h6 9. Bxf6 gxf6 10. O-O-O Qa5 11. Kb1 O-O-O 12. Nh4 Kb8 13. f4 Rc8 14. Rhe1
Rg8 15. g3 Bg7 16. Nf5 Qc7 17. Qc4 Rcf8 18. Nd5 Bxd5 19. Qxc7+ Kxc7 20. exd5
Re8 21. Nxe7 Rh8 22. Nf5 Rxe1 23. Rxe1 Bf8 24. Re8 Kd7 25. Ra8 a6 26. a4 Kc7
27. a5 Kd7 28. c4 Kc7 29. Kc2 Kd7 30. Kd3 Kc7 31. b4 Kd7 32. Kd4 Kc7 33. b5
axb5 34. cxb5 Kd7 35. b6 h5 36. h4 Rg8 37. Kc4 Rh8 38. Kb5 Rg8 39. Rb8 Rh8 40.
Rxb7+ Kc8 41. Kc6 Bh6 42. Nxd6+ Kd8 43. Nxf7+ 1-0

[Event "DVM U12 2016"]
[Site "Magdeburg GER"]
[Date "2016.12.28"]
[Round "3"]
[White "Leßmann, Sönke"]
[Black "Morczynski, Joachim"]
[Result "0-1"]
[Termination "normal"]
[Board "7.2"]
[WhiteElo "1579"]
[BlackElo "1645"]
[WhiteTeam "Rheydter SV"]
[BlackTeam "Schachpinguine Berlin"]
[PlyCount "48"]
[WhiteFideId "16222520"]
[BlackFideId "16209745"]
[EventCountry "GER"]
[EventRounds "7"]
[EventType "team-swiss"]
[EventDate "2016.12.26"]

1. e4 e5 2. Nf3 Nc6 3. Bc4 Nf6 4. d3 Be7 5. c3 d5 6. exd5 Nxd5 7. O-O O-O 8.
Re1 Nb6 9. Bb5 Bg4 10. h3 Bh5 11. g4 Bg6 12. Bxc6 bxc6 13. Nxe5 Bd6 14. Nxg6
fxg6 15. Be3 Nd5 16. Qd2 Rf3 17. Bg5 Qd7 18. Kg2 Raf8 19. Rf1 h5 20. Rg1 hxg4
21. h4 Qe6 22. d4 Qe4 23. Kf1 g3 24. Rg2 gxf2 0-1

[Event "DVM U12 2016"]
[Site "Magdeburg GER"]
[Date "2016.12.28"]
[Round "3"]
[White "Franz, Franz Theodor"]
[Black "Hansen, Jonah"]
[Result "0-1"]
[Termination "normal"]
[Board "7.3"]
[WhiteElo "1341"]
[BlackElo "1265"]
[WhiteTeam "Schachpinguine Berlin"]
[BlackTeam "Rheydter SV"]
[PlyCount "104"]
[WhiteFideId "12992674"]
[BlackFideId "16276841"]
[EventCountry "GER"]
[EventRounds "7"]
[EventType "team-swiss"]
[EventDate "2016.12.26"]

1. e4 e5 2. Nc3 Nc6 3. Nf3 Nf6 4. d4 exd4 5. Nxd4 Bb4 6. Nxc6 bxc6 7. Bd3 O-O
8. O-O d5 9. exd5 cxd5 10. Bg5 Be6 11. Bb5 Rb8 12. Ba4 Bxc3 13. bxc3 h6 14. Bh4
g5 15. Bg3 Ne4 16. Qf3 Nd2 17. Qe3 Nxf1 18. Rxf1 Qe7 19. Bb3 Rb6 20. Bxd5 Re8
21. Bxe6 Rxe6 22. Qxa7 Re1 23. Qa6 Rxf1+ 24. Qxf1 f5 25. Qc4+ Qe6 26. Qxe6+
Rxe6 27. f3 Rc6 28. Be5 Rc5 29. Bd4 Ra5 30. g3 Rxa2 31. f4 g4 32. Be5 c6 33.
Kh1 Rxc2 34. Kg1 h5 35. Kh1 Kf7 36. Bd4 Ke6 37. Be5 Kd5 38. Kg1 Kc4 39. Bd4
Rxc3 40. Bxc3 Kxc3 41. Kf2 Kd2 42. Kg2 c5 43. Kg1 c4 44. Kg2 c3 45. Kg1 c2 46.
Kg2 Ke2 47. h4 c1=Q 48. Kh2 Qc5 49. Kg2 Ke3 50. Kh2 Qc2+ 51. Kg1 Kf3 52. Kh1
Qg2# 0-1

[Event "DVM U12 2016"]
[Site "Magdeburg GER"]
[Date "2016.12.28"]
[Round "3"]
[White "Reyer, Moritz"]
[Black "Rosenhain, Jonathan"]
[Result "1-0"]
[Termination "normal"]
[Board "7.4"]
[WhiteElo "1019"]
[BlackElo "1222"]
[WhiteTeam "Rheydter SV"]
[BlackTeam "Schachpinguine Berlin"]
[PlyCount "115"]
[BlackFideId "16212169"]
[EventCountry "GER"]
[EventRounds "7"]
[EventType "team-swiss"]
[EventDate "2016.12.26"]

1. e4 e5 2. Nf3 Nc6 3. Bb5 a6 4. Bxc6 dxc6 5. d3 Bg4 6. h3 Bh5 7. g4 Bg6 8.
Nxe5 Bc5 9. Be3 Bd4 10. Nxg6 hxg6 11. Bxd4 Qxd4 12. Nc3 Qb4 13. Qc1 O-O-O 14.
a3 Qb6 15. Na4 Qa5+ 16. Nc3 Nf6 17. Qf4 Qb6 18. O-O-O Rdf8 19. Rde1 Nd7 20. e5
Nc5 21. Ne4 Ne6 22. Qf3 f5 23. exf6 gxf6 24. Nxf6 Ng5 25. Qf4 Nxh3 26. Qe5 Qb5
27. Qe6+ Kb8 28. Nd7+ Ka7 29. Nxf8 Qg5+ 30. Qe3+ Qxe3+ 31. Rxe3 Rxf8 32. Rhxh3
Rxf2 33. Rh7 Rg2 34. Ree7 Rxg4 35. Rxc7 Rg1+ 36. Kd2 Kb6 37. b4 Kb5 38. c4+ Ka4
39. Kc2 Rg2+ 40. Kc3 Kxa3 41. Rh1 Ka2 42. Rxb7 Rb2 43. Ra7 Rb3+ 44. Kd4 Ra3 45.
Rc1 Kb2 46. Re1 Kb3 47. b5 cxb5 48. cxb5 Ra4+ 49. Kc5 axb5 50. Rxa4 bxa4 51. d4
a3 52. d5 g5 53. d6 g4 54. d7 a2 55. d8=Q Kb2 56. Qd2+ Kb3 57. Re3+ Ka4 58.
Qb4# 1-0

[Event "DVM U12 2016"]
[Site "Magdeburg GER"]
[Date "2016.12.28"]
[Round "3"]
[White "Lutz, Ruben"]
[Black "Waffenschmidt, Lars"]
[Result "1-0"]
[Termination "normal"]
[Board "8.1"]
[WhiteElo "1843"]
[BlackElo "1526"]
[WhiteTeam "USV TU Dresden"]
[BlackTeam "SK Bebenhausen"]
[PlyCount "137"]
[WhiteFideId "12975974"]
[BlackFideId "16244656"]
[EventCountry "GER"]
[EventRounds "7"]
[EventType "team-swiss"]
[EventDate "2016.12.26"]

1. d4 Nf6 2. Nf3 e6 3. Bg5 c5 4. c3 h6 5. Bh4 d5 6. e3 Be7 7. Nbd2 Nc6 8. Bd3
O-O 9. O-O b6 10. Ne5 Nxe5 11. dxe5 Nd7 12. Bxe7 Qxe7 13. f4 Bb7 14. Qe2 f6 15.
exf6 Qxf6 16. e4 Qf7 17. e5 Rae8 18. Rae1 Nb8 19. Qg4 Rd8 20. f5 exf5 21. Rxf5
Qe7 22. Rxf8+ Rxf8 23. Qg6 Qg5 24. Qh7+ Kf7 25. Rf1+ Ke7 26. Rxf8 Kxf8 27. Qh8+
Kf7 28. Qxb8 Qxd2 29. Qxb7+ Ke6 30. Qc8+ Kxe5 31. Qf5+ Kd6 32. Qg6+ Kc7 33.
Qxg7+ Kb8 34. Qe5+ Kc8 35. Ba6+ Kd7 36. Bb5+ Kc8 37. Qe6+ Kc7 38. Qc6+ Kb8 39.
Qd6+ Kb7 40. Qe7+ Kb8 41. Qf8+ Kc7 42. Qg7+ Kb8 43. Qg3+ Kb7 44. Qf2 Qc1+ 45.
Bf1 Kb8 46. g3 Kb7 47. a3 a5 48. h4 Kc6 49. Kh2 Qb1 50. Bg2 Qg6 51. c4 Kd6 52.
Bxd5 a4 53. Qf4+ Ke7 54. Qe4+ Qxe4 55. Bxe4 Ke6 56. Bc6 Ke5 57. Bxa4 Kd4 58.
Bb5 Kd3 59. b4 Kc3 60. bxc5 bxc5 61. a4 Kb4 62. g4 Ka5 63. g5 h5 64. g6 Kb4 65.
g7 Ka5 66. g8=Q Kb6 67. Qd8+ Ka7 68. Qc7+ Ka8 69. Bc6# 1-0

[Event "DVM U12 2016"]
[Site "Magdeburg GER"]
[Date "2016.12.28"]
[Round "3"]
[White "Marx, Benedikt"]
[Black "Lutz, Adam"]
[Result "0-1"]
[Termination "normal"]
[Board "8.2"]
[WhiteElo "1289"]
[BlackElo "1743"]
[WhiteTeam "SK Bebenhausen"]
[BlackTeam "USV TU Dresden"]
[PlyCount "128"]
[WhiteFideId "16255690"]
[BlackFideId "16226615"]
[EventCountry "GER"]
[EventRounds "7"]
[EventType "team-swiss"]
[EventDate "2016.12.26"]

1. e4 c5 2. Nf3 e6 3. d4 cxd4 4. Nxd4 Nf6 5. Nc3 d6 6. g4 a6 7. h4 Be7 8. g5
Nfd7 9. Be3 b5 10. Qd2 Bb7 11. f3 Nc6 12. Bd3 Nb6 13. O-O-O Ne5 14. Be2 Nbc4
15. Bxc4 Nxc4 16. Qe2 Nxe3 17. Qxe3 Rc8 18. Kb1 Qc7 19. Qd2 O-O 20. Rdg1 b4 21.
Nce2 d5 22. exd5 Bxd5 23. Rf1 Rfd8 24. Qc1 Bc5 25. h5 Bxd4 26. Nxd4 Bxa2+ 27.
Kxa2 Rxd4 28. b3 Qxc2+ 29. Qxc2 Rxc2+ 30. Kb1 Rc3 31. Rc1 Rxb3+ 32. Ka2 Ra3+
33. Kb2 Rd2+ 34. Kb1 Kf8 35. Rc8+ Ke7 36. Rc7+ Ke8 37. g6 fxg6 38. hxg6 h6 39.
Rxg7 Rxf3 40. Rc1 Kf8 41. Rh7 Kg8 42. Rc8+ Rf8 43. Rxf8+ Kxf8 44. Rxh6 Kg7 45.
Rh5 Kxg6 46. Ra5 Rd6 47. Kb2 Rb6 48. Kb3 Kf6 49. Ra4 e5 50. Rxb4 Rxb4+ 51. Kxb4
e4 52. Kc3 a5 53. Kd4 Kf5 54. Ke3 a4 55. Kd2 a3 56. Kc2 e3 57. Kc1 e2 58. Kd2
a2 59. Kxe2 a1=Q 60. Ke3 Qc3+ 61. Ke2 Kf4 62. Kf2 Qd2+ 63. Kf1 Kg3 64. Kg1 Qc1#
0-1

[Event "DVM U12 2016"]
[Site "Magdeburg GER"]
[Date "2016.12.28"]
[Round "3"]
[White "Günther, Fabian"]
[Black "Kroh, Franz Alexander"]
[Result "0-1"]
[Termination "normal"]
[Board "8.3"]
[WhiteElo "1255"]
[BlackElo "1277"]
[WhiteTeam "USV TU Dresden"]
[BlackTeam "SK Bebenhausen"]
[PlyCount "120"]
[WhiteFideId "16240294"]
[EventCountry "GER"]
[EventRounds "7"]
[EventType "team-swiss"]
[EventDate "2016.12.26"]

1. d4 Nf6 2. Nf3 g6 3. Bg5 Bg7 4. c4 O-O 5. Nbd2 d6 6. h3 Qe8 7. Qc2 c6 8. e3
a6 9. a4 c5 10. d5 Nbd7 11. Bd3 e6 12. Ne4 exd5 13. Nxd6 Qd8 14. O-O dxc4 15.
Nxc4 Nb6 16. Rfd1 Qc7 17. Bf4 Qc6 18. Na5 Qe6 19. Qxc5 Nbd5 20. Bc4 b6 21. Bxd5
Nxd5 22. Qxd5 Qxd5 23. Rxd5 Be6 24. Rd2 bxa5 25. Ne5 Rfd8 26. Rxd8+ Rxd8 27. e4
Rd4 28. f3 Bb3 29. Nc6 Rxa4 30. Rxa4 Bxa4 31. Be5 Bxc6 32. Bxg7 Kxg7 33. Kf2
Kf6 34. Ke3 Ke6 35. Kd4 Bb5 36. g3 f6 37. f4 g5 38. e5 fxe5+ 39. fxe5 Bf1 40.
h4 gxh4 41. gxh4 Kf5 42. Kd5 Kg4 43. e6 Kxh4 44. Kd6 Bb5 45. e7 Kg3 46. Kc7 h5
47. Kb6 h4 48. Kxa5 h3 49. e8=Q Bxe8 50. Kxa6 h2 51. b4 h1=Q 52. b5 Bxb5+ 53.
Kxb5 Qc1 54. Kb4 Qc6 55. Ka5 Qb7 56. Ka4 Kf3 57. Ka5 Ke4 58. Ka4 Kd4 59. Ka3
Kc3 60. Ka4 Qa6# 0-1

[Event "DVM U12 2016"]
[Site "Magdeburg GER"]
[Date "2016.12.28"]
[Round "3"]
[White "Öz, Mert"]
[Black "Pfefferkorn, Paul"]
[Result "1-0"]
[Termination "normal"]
[Board "8.4"]
[WhiteElo "1216"]
[BlackElo "1033"]
[WhiteTeam "SK Bebenhausen"]
[BlackTeam "USV TU Dresden"]
[PlyCount "85"]
[WhiteFideId "16255704"]
[BlackFideId "16255330"]
[EventCountry "GER"]
[EventRounds "7"]
[EventType "team-swiss"]
[EventDate "2016.12.26"]

1. e4 e5 2. Nf3 Nc6 3. d4 exd4 4. Nxd4 Bc5 5. Nb3 Bb6 6. Nc3 Nf6 7. Qe2 d6 8.
Bg5 h6 9. Bh4 g5 10. Bg3 Qe7 11. O-O-O Bd7 12. Kb1 O-O-O 13. f3 g4 14. Bf2 h5
15. Bxb6 axb6 16. Qe3 gxf3 17. gxf3 Rhg8 18. Bb5 Kb8 19. Bxc6 Bxc6 20. Nd4 Bd7
21. Rhe1 Rde8 22. f4 Ng4 23. Qe2 Qh4 24. Nf3 Qe7 25. e5 Rg6 26. exd6 Qxe2 27.
Rxe2 Rxe2 28. dxc7+ Kxc7 29. Nxe2 Nf6 30. Ne5 Rg2 31. Ng3 Rxh2 32. Nxf7 Rh4 33.
Ne5 Bg4 34. Nxg4 Rxg4 35. Ne2 h4 36. Rh1 Kd6 37. Kc1 Ne4 38. Rg1 Ng3 39. Kd2
Ke6 40. Ke3 h3 41. Nxg3 Rxg3+ 42. Rxg3 h2 43. Rh3 1-0

[Event "DVM U12 2016"]
[Site "Magdeburg GER"]
[Date "2016.12.28"]
[Round "3"]
[White "Stockmann, Till"]
[Black "Breitzmann, Sander"]
[Result "0-1"]
[Termination "normal"]
[Board "9.1"]
[WhiteElo "1688"]
[BlackElo "1705"]
[WhiteTeam "VfL Gräfenhainchen"]
[BlackTeam "SV Empor Berlin"]
[PlyCount "66"]
[WhiteFideId "12979341"]
[BlackFideId "12987085"]
[EventCountry "GER"]
[EventRounds "7"]
[EventType "team-swiss"]
[EventDate "2016.12.26"]

1. e4 e5 2. Nf3 Nc6 3. Bc4 Bc5 4. O-O Nf6 5. d4 Bxd4 6. Nxd4 Nxd4 7. f4 d6 8.
fxe5 dxe5 9. Bg5 Qe7 10. Na3 Ne6 11. Bxe6 Bxe6 12. Kh1 Rg8 13. Qd3 c6 14. c3
Rd8 15. Qe2 h6 16. Bxf6 gxf6 17. Qf2 Rg4 18. Qe3 Rg6 19. Qxa7 Qd7 20. Qe3 Qd2
21. Qf2 Rg4 22. Rae1 Qxf2 23. Rxf2 Rxe4 24. Ref1 f5 25. h3 f4 26. b3 b5 27. Nb1
Re3 28. Rc2 Bd5 29. Kh2 Be4 30. Rcc1 Re2 31. Rg1 Bxb1 32. Rxb1 Rdd2 33. Rbf1
Rxa2 0-1

[Event "DVM U12 2016"]
[Site "Magdeburg GER"]
[Date "2016.12.28"]
[Round "3"]
[White "Nitsche, Nikolai"]
[Black "Helbig, Fabian Linus"]
[Result "1-0"]
[Termination "normal"]
[Board "9.2"]
[WhiteElo "1314"]
[BlackElo "1088"]
[WhiteTeam "SV Empor Berlin"]
[BlackTeam "VfL Gräfenhainchen"]
[PlyCount "107"]
[WhiteFideId "16221036"]
[BlackFideId "12993751"]
[EventCountry "GER"]
[EventRounds "7"]
[EventType "team-swiss"]
[EventDate "2016.12.26"]

1. d4 d5 2. Bf4 Nf6 3. Nf3 Bf5 4. e3 e6 5. Bd3 Bd6 6. Bxd6 Qxd6 7. Bxf5 exf5 8.
c3 Nbd7 9. Nbd2 c6 10. Qb3 Nb6 11. a4 Qc7 12. c4 dxc4 13. Nxc4 Nxc4 14. Qxc4 a6
15. O-O O-O 16. Rfc1 b5 17. Qxc6 Qxc6 18. Rxc6 bxa4 19. Rxa4 Rfc8 20. Raxa6 g6
21. g3 Rxa6 22. Rxc8+ Kg7 23. Rc7 Nd5 24. Rb7 h6 25. Ne5 Rf6 26. Kf1 g5 27. Ke2
f4 28. gxf4 gxf4 29. e4 f3+ 30. Nxf3 Nf4+ 31. Kd2 Ne6 32. Ke3 Kg6 33. Ne5+ Kg7
34. b4 Nd8 35. Rc7 Ne6 36. Rc6 Nd8 37. Rxf6 Kxf6 38. Nc4 Nc6 39. b5 Nd8 40. d5
Ke7 41. Kd4 Kd7 42. Na5 Kc7 43. Kc5 h5 44. e5 h4 45. f4 Kd7 46. f5 Kc7 47. e6
fxe6 48. fxe6 Nb7+ 49. Nxb7 Kxb7 50. e7 Kc7 51. e8=Q h3 52. Qe7+ Kb8 53. Kb6
Ka8 54. Qd8# 1-0

[Event "DVM U12 2016"]
[Site "Magdeburg GER"]
[Date "2016.12.28"]
[Round "3"]
[White "Quinque, Pepe"]
[Black "Beer, Ludwig"]
[Result "0-1"]
[Termination "normal"]
[Board "9.3"]
[WhiteElo "872"]
[BlackElo "1235"]
[WhiteTeam "VfL Gräfenhainchen"]
[BlackTeam "SV Empor Berlin"]
[PlyCount "74"]
[WhiteFideId "16255550"]
[BlackFideId "16202813"]
[EventCountry "GER"]
[EventRounds "7"]
[EventType "team-swiss"]
[EventDate "2016.12.26"]

1. e4 c5 2. Nf3 d6 3. Bc4 Nf6 4. Nc3 g6 5. Ng5 e6 6. O-O Bg7 7. d3 O-O 8. Bf4
e5 9. Bg3 Nc6 10. Nd5 Nxd5 11. exd5 Nd4 12. Bh4 h6 13. Ne6 Qxh4 14. Nxf8 Kxf8
15. c3 Nf5 16. a3 Qg5 17. Kh1 h5 18. Rg1 Nh6 19. f3 Bd7 20. h3 Nf5 21. Qe1 h4
22. g4 hxg3 23. Rg2 Qh4 24. Kg1 Bh6 25. b3 b5 26. Rb1 Ne3 27. Re2 Qxh3 28. Rbb2
g2 29. Rxg2 Nxg2 30. Rxg2 Qxf3 31. Rg3 Qf5 32. d4 bxc4 33. bxc4 Rb8 34. Rg2 Rb1
35. Qxb1 Qxb1+ 36. Kf2 Qc2+ 37. Kf3 Qxc3+ 0-1

[Event "DVM U12 2016"]
[Site "Magdeburg GER"]
[Date "2016.12.28"]
[Round "3"]
[White "Eulenstein, Conrad"]
[Black "Grunemann, Jonas"]
[Result "1/2-1/2"]
[Termination "normal"]
[Board "9.4"]
[WhiteElo "1133"]
[BlackElo "1019"]
[WhiteTeam "SV Empor Berlin"]
[BlackTeam "VfL Gräfenhainchen"]
[PlyCount "58"]
[BlackFideId "16255577"]
[EventCountry "GER"]
[EventRounds "7"]
[EventType "team-swiss"]
[EventDate "2016.12.26"]

1. e4 c5 2. Nc3 a6 3. g3 Nf6 4. Bg2 e5 5. d3 Be7 6. Be3 d6 7. Nge2 Bg4 8. h3
Be6 9. O-O Nc6 10. g4 O-O 11. Ng3 Nd4 12. Nf5 Ne8 13. Kh1 b5 14. Ne2 Rb8 15. c3
Nc6 16. f4 Rc8 17. d4 Bxf5 18. gxf5 f6 19. fxe5 dxe5 20. d5 Na5 21. b3 b4 22.
Bf3 Nb7 23. Rg1 Nbd6 24. Qe1 Qc7 25. cxb4 cxb4 26. Rc1 Qd7 27. Rxc8 Qxc8 28.
Ng3 Nb5 29. Qc1 Qxc1 1/2-1/2

[Event "DVM U12 2016"]
[Site "Magdeburg GER"]
[Date "2016.12.28"]
[Round "3"]
[White "Meier, Silas"]
[Black "Franke, Josef"]
[Result "1-0"]
[Termination "normal"]
[Board "10.1"]
[WhiteElo "1535"]
[BlackElo "1034"]
[WhiteTeam "Schachakademie Paderborn"]
[BlackTeam "SK Neumarkt"]
[PlyCount "107"]
[WhiteFideId "16210662"]
[EventCountry "GER"]
[EventRounds "7"]
[EventType "team-swiss"]
[EventDate "2016.12.26"]

1. d4 d5 2. Nf3 Nf6 3. Bf4 Bg4 4. Ne5 Bf5 5. e3 Nbd7 6. Bd3 e6 7. Qe2 Bd6 8.
Nd2 b6 9. Nc6 Bxd3 10. Qxd3 Qc8 11. Ne5 c5 12. c3 a6 13. O-O b5 14. Ndf3 h6 15.
Nxf7 Kxf7 16. Bxd6 c4 17. Qc2 Ne4 18. Be5 Rf8 19. Bg3 Kg8 20. Nd2 Ndf6 21. Nxe4
Nxe4 22. Be5 Qe8 23. f3 Ng5 24. Rae1 Qh5 25. Qe2 Rf7 26. Bf4 Raf8 27. Rf2 Qg6
28. Bxg5 Qxg5 29. e4 h5 30. exd5 exd5 31. Qe5 Rf5 32. Qe3 Rf4 33. Qe6+ Kh7 34.
Qe7 Qg6 35. Qe6 Qg5 36. Qe3 h4 37. h3 Qg6 38. Qe6 R4f6 39. Qxd5 Re8 40. Rxe8
Qxe8 41. Qe4+ Qxe4 42. fxe4 Re6 43. e5 g5 44. Kh2 Kg6 45. g3 Re7 46. g4 Rf7 47.
Kg2 Ra7 48. Rf6+ Kg7 49. Rf5 Kg6 50. Kf3 Rf7 51. Rxf7 Kxf7 52. Ke4 Ke6 53. d5+
Kd7 54. Kf5 1-0

[Event "DVM U12 2016"]
[Site "Magdeburg GER"]
[Date "2016.12.28"]
[Round "3"]
[White "Henseler, Daniel"]
[Black "Nourzad, Shayan"]
[Result "0-1"]
[Termination "normal"]
[Board "10.2"]
[WhiteElo "1089"]
[BlackElo "1274"]
[WhiteTeam "SK Neumarkt"]
[BlackTeam "Schachakademie Paderborn"]
[PlyCount "48"]
[BlackFideId "16274890"]
[EventCountry "GER"]
[EventRounds "7"]
[EventType "team-swiss"]
[EventDate "2016.12.26"]

1. e4 e6 2. Nf3 d5 3. exd5 exd5 4. d3 Bd6 5. g3 Nf6 6. Nc3 Be6 7. Be3 Nc6 8.
Bg2 Bg4 9. Qc1 Qd7 10. Bg5 Be7 11. O-O h6 12. Bxf6 Bxf6 13. Qd2 O-O-O 14. Kh1
Bh3 15. Rab1 Bxg2+ 16. Kxg2 a6 17. Ne2 g5 18. Qc1 d4 19. Rd1 Rhe8 20. Rd2 Qd5
21. c3 g4 22. c4 Qxf3+ 23. Kf1 Rxe2 24. Rxe2 Qh1# 0-1

[Event "DVM U12 2016"]
[Site "Magdeburg GER"]
[Date "2016.12.28"]
[Round "3"]
[White "Seedorf, Jasper Ole"]
[Black "Henseler, Sebastian"]
[Result "1-0"]
[Termination "normal"]
[Board "10.3"]
[WhiteElo "785"]
[BlackElo "769"]
[WhiteTeam "Schachakademie Paderborn"]
[BlackTeam "SK Neumarkt"]
[PlyCount "125"]
[EventCountry "GER"]
[EventRounds "7"]
[EventType "team-swiss"]
[EventDate "2016.12.26"]

1. d4 e6 2. e4 Bb4+ 3. c3 Bd6 4. Be2 Nf6 5. e5 Bxe5 6. dxe5 Ne4 7. Nd2 Nxd2 8.
Qxd2 Nc6 9. Nf3 Qe7 10. O-O b6 11. Ng5 Bb7 12. Bf3 O-O-O 13. Bxc6 Bxc6 14. Nf3
Bb5 15. Re1 h6 16. Nd4 Bc6 17. Nxc6 dxc6 18. Qc2 c5 19. Qa4 Kb8 20. Rd1 Rxd1+
21. Qxd1 Rd8 22. Qe2 Qd7 23. Bf4 Qc8 24. h3 g5 25. Bh2 Rh8 26. Qf3 Qf8 27. a4
Rh7 28. Qe4 Rh8 29. a5 Qc8 30. a6 h5 31. b4 cxb4 32. cxb4 b5 33. Ra5 c6 34. Kh1
Rd8 35. g3 f5 36. Qf3 Rd4 37. Qc3 Re4 38. f3 Re2 39. Bg1 Qd8 40. Ra1 Rd2 41.
Qb3 Rd3 42. Qb2 Rxf3 43. Kg2 Rd3 44. Bf2 Rd2 45. Qb3 Rd3 46. Qxe6 Qd5+ 47. Qxd5
cxd5 48. e6 Rc3 49. e7 Rc8 50. Ra5 Ka8 51. Rxb5 Re8 52. Rb7 f4 53. Rxa7+ Kb8
54. gxf4 gxf4 55. b5 Rc8 56. b6 d4 57. Bxd4 Rc2+ 58. Bf2 Re2 59. b7 Rxe7 60.
Ra8+ Kc7 61. b8=Q+ Kc6 62. Qb6+ Kd5 63. Rd8+ 1-0

[Event "DVM U12 2016"]
[Site "Magdeburg GER"]
[Date "2016.12.28"]
[Round "3"]
[White "Reger, Christoph"]
[Black "Li, Xianquan"]
[Result "1-0"]
[Termination "normal"]
[Board "10.4"]
[WhiteElo "920"]
[BlackElo "856"]
[WhiteTeam "SK Neumarkt"]
[BlackTeam "Schachakademie Paderborn"]
[PlyCount "123"]
[WhiteFideId "16287606"]
[BlackFideId "16284356"]
[EventCountry "GER"]
[EventRounds "7"]
[EventType "team-swiss"]
[EventDate "2016.12.26"]

1. e4 e6 2. Nf3 Nf6 3. Nc3 g6 4. d3 Bg7 5. Bf4 O-O 6. Be2 d5 7. exd5 Nxd5 8.
Nxd5 Qxd5 9. Bxc7 Qc5 10. Bxb8 Rxb8 11. d4 Qb4+ 12. c3 Qxb2 13. Qc1 Qb6 14. Rb1
Qc6 15. Bb5 Qe4+ 16. Be2 Bf6 17. Rb2 Be7 18. Qc2 Qg4 19. O-O Bd7 20. Ne5 Qf5
21. Qxf5 exf5 22. Nxd7 Ba3 23. Rb3 Bd6 24. Nxf8 Rxf8 25. Rxb7 Bb8 26. Rfb1 Bd6
27. Rxa7 Re8 28. Re1 Bb8 29. Bf1 Rxe1 30. Ra8 Rb1 31. d5 Kg7 32. c4 Bxh2+ 33.
Kxh2 Rxf1 34. d6 Rd1 35. c5 h5 36. Rb8 Rc1 37. d7 Rxc5 38. Rc8 Rd5 39. d8=Q
Rxd8 40. Rxd8 Kf6 41. a4 Ke7 42. Rd1 g5 43. a5 f4 44. a6 g4 45. g3 h4 46. gxh4
Kf6 47. a7 Kf5 48. Rd5+ Ke4 49. a8=Q g3+ 50. fxg3 f3 51. Rd7+ Ke3 52. Qxf3+
Kxf3 53. Rxf7+ Kg4 54. Rf4+ Kh5 55. Kh3 Kh6 56. g4 Kg6 57. h5+ Kh6 58. Kh4 Kg7
59. g5 Kh7 60. g6+ Kg8 61. h6 Kh8 62. Rf8# 1-0